Elche CF Squad 2025-2026 - Statistics

General Stats
  • This quiz has been taken 164 times
    60 since last reset
  • The average score is 19 of 31
Answer Stats
# Position Nation Player % Correct
10 FW Spain Rafa Mir
100%
9 FW Portugal André Silva
97%
20 FW Uruguay Álvaro Rodríguez
89%
13 GK Spain Iñaki Peña
87%
22 DF Austria David Affengruber
84%
- Coach Spain Eder Sarabia
79%
1 GK Argentina Matías Dituro
79%
14 MF Spain Aleix Febas
74%
5 MF Argentina Federico Redondo
71%
8 MF Spain Marc Aguado
71%
23 DF Spain Víctor Chust
71%
39 DF Spain Héctor Fort
68%
6 DF Spain Pedro Bigas
68%
11 FW Spain Germán Valera
66%
17 FW Spain Josan
66%
21 DF France Léo Pétrot
66%
16 MF Portugal Martim Neto
66%
3 DF Spain Adrià Pedrosa
61%
30 MF Spain Rodrigo Mendoza
58%
45 GK Spain Alejandro Iturbe
53%
42 DF Spain Buba Sangaré
47%
19 FW DR Congo Grady Diangana
47%
15 DF Spain Álvaro Núñez
45%
35 FW Morocco Ali Houary
42%
4 DF Spain Bambo Diaby
42%
24 FW Chile Lucas Cepeda
42%
15 FW Spain Tete Morente
42%
32 FW Morocco Adam Boayar
37%
12 MF Spain Gonzalo Villar
37%
7 FW Spain Yago Santiago
37%
18 DF Spain John Donald
34%
No matching quizzes found
Score Distribution
Percent of People with Each Score
Percentile by Number Answered
Your Score History
You have not taken this quiz since the last reset